| 000 | 01107cam a2200349Li 4500 | ||
|---|---|---|---|
| 001 | 73272 | ||
| 005 | 20230410132613.0 | ||
| 008 | 061205r20051936nyu b 000 1 eng d | ||
| 035 | _a(OCoLC)ocn493219075 | ||
| 040 |
_aZWZ _encafnor _cZWZ _dOCLCQ |
||
| 020 | _a014303930X (pbk) | ||
| 020 | _a9780143039303 (pbk) | ||
| 029 | 0 |
_aZWZ _b111117747 |
|
| 035 | _a(OCoLC)493219075 | ||
| 050 | 1 | 4 |
_aPR 6013 _bG799g 2005 |
| 082 | 0 | 0 | _a823/.912 |
| 049 | _aGRAL | ||
| 100 | 1 |
_aGreene, Graham, _d1904-1991 |
|
| 240 | _aThis gun for hire | ||
| 245 | 1 | 2 |
_aA gun for sale : _ban entertainment / _cGraham Greene ; introduction by Samuel Hynes. |
| 260 |
_aNew York : _bPenguin Books, _c2005. |
||
| 300 |
_a1 vol. (xviii, 184 p.) ; _c20 cm. |
||
| 490 | 1 | _aPenguin classics | |
| 500 | _aOriginally published as: This gun for hire. Doubleday, Doran & Co., 1936. | ||
| 504 | _aIncludes bibliographical references (p. xv-xviii). | ||
| 650 | 0 |
_aMurder for hire _xFiction. |
|
| 651 | 0 |
_aNottingham (England) _xFiction. |
|
| 830 | 0 | _aPenguin classics. | |
| 942 |
_2lcc _cbk |
||
| 994 |
_aC0 _bDRFGD |
||
| 946 | _aRCH | ||
| 999 |
_c84502 _d84502 |
||